000 00705nam a22002651 4500
001 27903
003 BD-RjUL
005 20211209051221.0
008 140327s1959 ii a 001 0 eng
035 _a(BD-RjUL)27984
035 _a(OCoLC)10312700
040 _aDLC
_cNdU
_dDLC
_beng
041 _aeng
082 _a954
_bMOG 1959
100 1 _aMookerji, Radhakumud,
_d1884-1964.
_918050
245 1 4 _aThe Gupta Empire /
_cRadha kumud Mookerji.
250 _a3d ed. rev.
260 _aBombay :
_bHind Kitabs,
_c1959.
300 _a174 p. :
_bill. ;
_c26 cm.
504 _aIncludes index.
600 3 0 _aGupta dynasty.
_985588
942 _2ddc
_cBK
999 _c27903
_d27903